| 000 | 00695cam a22002057a 4500 | ||
|---|---|---|---|
| 008 | 180718b2008 xxu||||| |||| 00| 0 eng d | ||
| 020 | _a9781861349149 | ||
| 082 | _aB31x42 R435 | ||
| 245 |
_aUnderstanding inequality, poverty and wealth: policies and prospects _cedited by Tess Ridge and Sharon Wright |
||
| 260 |
_aBristol _bThe Policy Press _c2008 |
||
| 300 | _a334p. | ||
| 650 | _aGreat Britain --Social conditions | ||
| 650 | _aGreat Britain --Economic conditions | ||
| 650 | _aPoverty --Great Britain | ||
| 650 | _aEquality --Great Britain | ||
| 650 | _aWealth --Great Britain | ||
| 650 | _aIncome distribution --Great Britain | ||
| 700 | _aWright, Sharon | ||
| 700 | _aRidge, Tess | ||
| 999 |
_c415189 _d415189 |
||